000 00947cam a2200289 a 4500
001 3884523
003 OSt
005 20231208152845.0
008 900426s1989 ii b b 001 0 eng
010 _a 89900070
020 _a8126408731
020 _a0195621395 :
_cRs175.00
025 _aI E 60373
040 _aDLC
_cDLC
_dDLC
043 _aa-ii---
050 0 0 _aDS485.M35
_bP22 1989
082 0 0 _a954.0357
_bPAN/M
100 _aPanikkar, K N
_92601
245 1 0 _aMALABAR KALAPAM: PRABHUTWATHINUM RAJAVAZHCHAKKUMETHIRE = Against lord and state :
_breligion and peasant uprisings in Malabar, 1836-1921 /
_cK.N. Panikkar.
250 _a7th ed.
260 _bD C Books,
_c2021.
300 _a278p
_bmap ;
_c23 cm.
650 0 _aMoplah Rebellion, India, 1921.
651 0 _aMalabar Coast (India)
_xHistory.
942 _2ddc
_cBK
_h954.0357
_iPAN/M
_k954.0357
_mPAN/M
999 _c44185
_d44185